Potential of fish cage culture in siem reap province;​ សក្ដានុពលនៃការចិញ្ចឹមត្រីតាមបែរនៅខេត្តសៀមរាប (Record no. 7875)

000 -LEADER
fixed length control field 00567nam a22001577a 4500
003 - CONTROL NUMBER IDENTIFIER
control field OSt
005 - DATE AND TIME OF LATEST TRANSACTION
control field 20160330101812.0
008 - FIXED-LENGTH DATA ELEMENTS--GENERAL INFORMATION
fixed length control field 160330b xxu||||| |||| 00| 0 eng d
040 ## - CATALOGING SOURCE
Transcribing agency RUA
082 ## - DEWEY DECIMAL CLASSIFICATION NUMBER
Classification number FIS ចាន៉ 1995 B472 Or.1
100 ## - MAIN ENTRY--PERSONAL NAME
9 (RLIN) 8245
Personal name ចាន់ តុង
245 ## - TITLE STATEMENT
Title Potential of fish cage culture in siem reap province;​ សក្ដានុពលនៃការចិញ្ចឹមត្រីតាមបែរនៅខេត្តសៀមរាប
260 ## - PUBLICATION, DISTRIBUTION, ETC. (IMPRINT)
Place of publication, distribution, etc. Phnom Penh
Name of publisher, distributor, etc. RUA
Date of publication, distribution, etc. 1995
300 ## - PHYSICAL DESCRIPTION
Extent 70p.
Other physical details ill.
Dimensions 29cm.
942 ## - ADDED ENTRY ELEMENTS (KOHA)
Source of classification or shelving scheme
Koha item type FIS
Holdings
Price effective from Date last seen Permanent Location Not for loan Date acquired Source of classification or shelving scheme Koha item type Barcode Lost status Damaged status Shelving location Withdrawn status Current Location Full call number
2016-03-302016-03-30Library Block B 2016-03-30 FISRUA011428  B472 Library Block BFIS ចាន៉ 1995 B472 Or.1
2016-03-312016-03-31Library Block B 2016-03-31 FISRUA011545  B472 Library Block BFIS ចាន៉ 1995 B472 Or.2
2016-05-192016-05-19Library Block B 2016-05-19 FIS     Library Block BFIS ចាន៉ 1995 B472 Or.3
មជ្ឈមណ្ឌលឯការនៃសាកលវិទ្យាល័យភូមិន្ទកសិកម្មចំការដូង

Powered by Koha